Monarki
Kadir bagai melihat sesuatu, mendongak ke langit dan meracau-racau sendirian. Lagaknya seperti orang gila, berdialog seolah-olah ada manusia di atas tasik sedang berbual dengannya. Perbuatannya itu menjadi tumpuan mereka yang berada di tepi tasik. Maisarah pula ketakutan. "Abang, sudahlah tu, b...
Saved in:
| Main Author: | |
|---|---|
| Format: | Book |
| Language: | Malay |
| Published: |
Petaling Jaya, Selangor
Fixi
[2015]
|
| Subjects: | |
| Tags: |
Add Tag
No Tags, Be the first to tag this record!
|
| Call Number : | PL 5139.L65 MON 2015 |
MARC
| LEADER | 00000nam a2200000 i 4500 | ||
|---|---|---|---|
| 001 | 97587 | ||
| 003 | MY-KLNDU | ||
| 005 | 20241220022003.0 | ||
| 008 | 221104 2015 my 000 1 may d | ||
| 020 | |a 9789670750460 | ||
| 039 | 9 | |a 202211041141 |b VLOAD |c 201602240904 |d azraai |c 201602231559 |d azraai |c 201602231551 |d azraai |y 201511240916 |z zubir | |
| 040 | |a UPNM |b eng |c UPNM |e rda | ||
| 090 | |a PL 5139.L65 |b MON 2015 | ||
| 100 | 0 | |a Lokman Hakim |e author | |
| 245 | 1 | 0 | |a Monarki |c Lokman Hakim |
| 264 | 1 | |a Petaling Jaya, Selangor |b Fixi |c [2015] | |
| 264 | 4 | |c ©2015 | |
| 300 | |a 277 pages |c 19 cm | ||
| 336 | |a text |2 rdacontent | ||
| 337 | |a unmediated |2 rdamedia | ||
| 338 | |a volume |2 rdacarrier | ||
| 520 | |a Kadir bagai melihat sesuatu, mendongak ke langit dan meracau-racau sendirian. Lagaknya seperti orang gila, berdialog seolah-olah ada manusia di atas tasik sedang berbual dengannya. Perbuatannya itu menjadi tumpuan mereka yang berada di tepi tasik. Maisarah pula ketakutan. "Abang, sudahlah tu, bang. Anak kita tu sakit. Kena bawa berubat." "Orang kayangan, orang kayangan." Shamsul langsung tidak mempedulikan cadangan Maisarah itu. "Abang! Mana ada orang kayangan, bang!" Tempikan keras itu menyedarkan Shamsul daripada ketidak-keruan itu. Wajahnya membengis. "Awak tak tahu apa-apa! Orang kayangan tu dah dating nak ambil anak kita, awak tahu tak?!" | ||
| 592 | |a IN17072 |b 28/1/16 |c RM19.90 |h Intrabakti | ||
| 650 | 0 | |a Malay fiction | |
| 999 | |a vtls000054905 |c 97587 |d 97587 | ||


